| 000 | 00576nam a22002057a 4500 | ||
|---|---|---|---|
| 003 | OSt | ||
| 005 | 20140310181740.0 | ||
| 008 | 130322t xxu||||| |||| 00| 0 eng d | ||
| 020 | _a0673158624 | ||
| 050 |
_aT 57.6 _b.L842 1983 |
||
| 082 |
_aTR 153.8 _bLo83 1983 |
||
| 245 |
_aLooking Glass / _cMichael M. Lombardo; Morgan W. McCall, David L. DeVries. |
||
| 260 |
_aGlenview, Illinois : _bScott, Foresman and Company _c1983. |
||
| 300 |
_a82 p. : _c28cm. |
||
| 520 | _a1. Behavior | ||
| 521 | _aFaculty | ||
| 541 | _j1 | ||
| 562 | _e1 | ||
| 942 |
_2lcc _cBK-TR _kTR |
||
| 999 |
_c2722 _d2722 |
||